Implementation / simulation of a universal modulation identifier and demodulator for communication intelligent (comment) system / (Record no. 188637)
[ view plain ]
| 000 -LEADER | |
|---|---|
| fixed length control field | 00608 a2200169 4500 |
| 003 - CONTROL NUMBER IDENTIFIER | |
| control field | NUST |
| 005 - DATE AND TIME OF LATEST TRANSACTION | |
| control field | 20251030171143.0 |
| 040 ## - CATALOGING SOURCE | |
| Transcribing agency | Nust |
| 082 ## - DEWEY DECIMAL CLASSIFICATION NUMBER | |
| Classification number | 621.382,MAQ |
| 100 ## - MAIN ENTRY--PERSONAL NAME | |
| Personal name | Maqbool, GC Hassan TE-38/TCC-13 |
| 9 (RLIN) | 131329 |
| 245 ## - TITLE STATEMENT | |
| Title | Implementation / simulation of a universal modulation identifier and demodulator for communication intelligent (comment) system / |
| Statement of responsibility, etc. | GC Hassan Maqbool, GC Mehmood ur Rehman,GC Fahad Nadir and GC Umair Gillani TE-38/TCC-13 |
| 260 ## - PUBLICATION, DISTRIBUTION, ETC. | |
| Name of publisher, distributor, etc. | MCS |
| Date of publication, distribution, etc. | 2005 |
| Place of publication, distribution, etc. | Rawalpindi |
| 300 ## - PHYSICAL DESCRIPTION | |
| Extent | 163 p., |
| 650 ## - SUBJECT ADDED ENTRY--TOPICAL TERM | |
| Topical term or geographic name entry element | UG Projects |
| 9 (RLIN) | 98716 |
| 651 ## - SUBJECT ADDED ENTRY--GEOGRAPHIC NAME | |
| Geographic name | TE-38/TCC-13 |
| 9 (RLIN) | 131330 |
| 942 ## - ADDED ENTRY ELEMENTS (KOHA) | |
| Koha item type | Project Report |
| Source of classification or shelving scheme | |
| Withdrawn status | Lost status | Source of classification or shelving scheme | Damaged status | Not for loan | Permanent Location | Current Location | Shelving location | Date acquired | Full call number | Barcode | Date last seen | Price effective from | Koha item type | Public note |
|---|---|---|---|---|---|---|---|---|---|---|---|---|---|---|
| Military College of Signals (MCS) | Military College of Signals (MCS) | Reference | 12/12/2016 | 621.382,MAQ | MCSPTE-121 | 12/08/2016 | 12/12/2016 | Project Report | Almirah No.90, Shelf No.2 |
